000 00952nam a2200229 a 4500
001 68967
003 BD-RjUL
005 20211209081832.0
008 170409s1996 bg |||| |||| 000 0 ben d
020 _a9844640336
_c: Tk. 90.00
035 _a(BD-RjUL)69178
040 _aBD-RjUL
_bben
_cBD-RjUL
_dBD-RjUL
041 _aben
082 _223
_a954.92
_bKHE 1996
100 1 _aখান, মনজুর রশীদ
_9204340
245 1 0 _aএরশাদের পতন ও সাহাবুদ্দীনের অস্থায়ী শাসন :
_bকাছ থেকে দেখা /
_cমনজুর রশীদ খান
260 _aঢাকা :
_bঅঙ্কুর প্রকাশনী,
_c১৯৯৬
300 _a১৩৫ পৃ. ;
_c২৪ সেমি.
651 _aবাংলাদেশ
_xসরকার ও রাজনীতি
_9127705
651 _aBangladesh
_xPolitics and government
_9116974
942 _2ddc
_cBK
999 _c68967
_d68967